Vaastavika samkhyakalum mitikasthalangalum (Record no. 31281)
[ view plain ]
| 000 -LEADER | |
|---|---|
| fixed length control field | 01330nam a2200157Ia 4500 |
| 008 - FIXED-LENGTH DATA ELEMENTS--GENERAL INFORMATION | |
| fixed length control field | 210323s9999||||xx |||||||||||||| ||und|| |
| 040 ## - CATALOGING SOURCE | |
| Transcribing agency | STCPL |
| 082 ## - DEWEY DECIMAL CLASSIFICATION NUMBER | |
| Classification number | 510 |
| Item number | THO-V |
| 100 ## - MAIN ENTRY--PERSONAL NAME | |
| Personal name | Thomas P.T. |
| 245 #0 - TITLE STATEMENT | |
| Title | Vaastavika samkhyakalum mitikasthalangalum |
| Title in other language | വാസ്തവിക സംഖ്യകളും മിതികസ്ഥലങ്ങളും |
| 260 ## - PUBLICATION, DISTRIBUTION, ETC. | |
| Place of publication, distribution, etc. | Thiruvananthapuram |
| Name of publisher, distributor, etc. | Kerala Bhasha Institute |
| Date of publication, distribution, etc. | 1972 |
| 300 ## - PHYSICAL DESCRIPTION | |
| Extent | 1-viii, 1-196 |
| 650 ## - SUBJECT ADDED ENTRY--TOPICAL TERM | |
| Topical term or geographic name entry element | Mathematicsകേരളത്തിലെ അവസാദി ശിലകള്, കേരളത്തിലെ പ്രാചീന ശിലകളുടെ റേഡിയോമെട്രിക് പ്രായം, ചൈനാക്ളേ ഖനനം കേരളത്തില്, ലാറ്റെറൈറ്റ് അഥവാ ചീക്കല്ല്, ജിയോളജീയ ചിത്രണവും ഖനിജാന്വേഷണവും കേരളത്തില്, കേരളത്തിലെ കളിമണ്നിക്ഷേപങ്ങള്, ഭൂവിജ്ഞാനം കൃഷിശാസ്ത്രത്തില്, കേരള ഭൂവിജ്ഞാനീയം, കൊച്ചി പ്രദേശത്തിന്റെ ഭൂവിജ്ഞാനം |
| 942 ## - ADDED ENTRY ELEMENTS (KOHA) | |
| Koha item type | Books |
| 041 ## - LANGUAGE CODE | |
| Language code of original | Malayalam |
| Withdrawn status | Lost status | Damaged status | Not for loan | Home library | Current library | Shelving location | Date acquired | Cost, normal purchase price | Total Checkouts | Full call number | Barcode | Date last seen | Price effective from | Koha item type |
|---|---|---|---|---|---|---|---|---|---|---|---|---|---|---|
| ST. THOMAS COLLEGE LIBRARY, PALAI | ST. THOMAS COLLEGE LIBRARY, PALAI | 2021-07-10 | 5.50 | 510 THO-V | 43842 | 2021-07-10 | 2021-07-10 | Books |
